Five Most Guessed Movies by Category - Statistics

General Stats
  • This quiz has been taken 1,078 times
  • The average score is 18 of 39
Answer Stats
Category Movies % Correct
Pixar Movies Toy Story
85%
Arnold Schwarzenegger Movies The Terminator
83%
Tarantino Movies Pulp Fiction
75%
MCU Movies The Avengers
73%
MCU Movies Iron Man
69%
Disney Animated Movies Snow White and the Seven Dwarfs
64%
Disney Animated Movies Cinderella
60%
MCU Movies Captain America:The First Avenger
59%
James Bond Movies Skyfall
59%
Tarantino Movies Kill Bill: vol. 1
58%
Oscar Best Pictures Titanic
58%
James Bond Movies Casino Royale
57%
Oscar Best Pictures; IMDB Top 100 The Godfather
57%
James Bond Movies Goldfinger
55%
Pixar Movies Cars
53%
Tarantino Movies Reservoir Dogs
53%
MCU Movies Thor
52%
Tarantino Movies Django Unchained
51%
James Bond Movies Dr. No
51%
Pixar Movies Up
49%
Disney Animated Movies Frozen
48%
IMDB Top 100 The ShawshankRedemption
48%
MCU Movies The Incredible Hulk
46%
Disney Animated Movies Beauty and the Beast
41%
Tarantino Movies Once Upon a Timein Hollywood
38%
Pixar Movies Monsters, Inc
35%
Arnold Schwarzenegger Movies Predator
35%
Disney Animated Movies Sleeping Beauty
35%
Arnold Schwarzenegger Movies Kindergarten Cop
33%
Arnold Schwarzenegger Movies Twins
33%
Pixar Movies Inside Out
29%
James Bond Movies Octopussy
28%
IMDB Top 100 Forrest Gump
23%
IMDB Top 100 The Dark Knight
20%
Arnold Schwarzenegger Movies Conan the Barbarian
18%
Oscar Best Pictures Parasite
18%
IMDB Top 100 Star Wars
18%
Oscar Best Pictures Oppenheimer
15%
Oscar Best Pictures Moonlight
13%
No matching quizzes found
Score Distribution
Percent of People with Each Score
Percentile by Number Answered
Your Score History
You have not taken this quiz